Sports aux Jeux Olympiques d'hiver - Statistiques

Statistiques générales
  • Ce quiz a été pris 25 755 fois
    4 278 depuis la dernière actualisation
  • Le résultat moyen est 11 sur 16
Statistiques - réponses
Disciplines % Correct
Patinage artistique
91%
Biathlon
89%
Ski de fond
85%
Bobsleigh
83%
Ski alpin
80%
Curling
76%
Patinage de vitesse
75%
Hockey sur glace
72%
Snowboard
72%
Saut à ski
69%
Luge
67%
Skeleton
58%
Ski acrobatique
57%
Ski-alpinisme
41%
Combiné nordique
32%
Short-track
27%
Aucun quiz correspondant
Distribution des résultats
% des personnes avec chaque résultat
Percentile par nombre de réponses
Votre historique - résultats
Vous n’avez pas pris ce quiz depuis la dernière actualisation